000 nam a22 7a 4500
999 _c330445
_d330445
003 ASAB
005 20170713125318.0
008 170713b xxu||||| |||| 00| 0 eng d
040 _cASAB
082 _aThesis 2016 MMB
100 _aMustafeez Mujtaba Babar
_93268
245 _aTh-PhD-Development of virosome based antiviral strategies against influenza virus
_cMustafeez Mujtaba Babar-sup-Dr. Najam us Sahar Sadaf Zaidi
260 _aIslamabad
_bAtta Ur Rahman School of Applied Bioscience NUST.
_c2016
300 _a218 P.
630 _aInfluenza Virus
_93269
942 _2ddc
_cTH